| 000 | 00792nam a2200229 a 4500 | ||
|---|---|---|---|
| 001 | 000043549 | ||
| 003 | DO-SdBNP | ||
| 005 | 20250625103427.0 | ||
| 008 | 140325s2013 dr 000 0 spa d | ||
| 020 | _a9789945412857 | ||
| 040 |
_aDO-SdBNP _bspa _cBNPHU |
||
| 100 | 1 |
_aFernández Rozas, José Carlos _971335 |
|
| 245 | 1 | 0 |
_aSistema de arbitraje comercial de la República Dominicana / _cJosé Carlos Fernández Rozas, Nathanael Concepción. |
| 260 |
_aSanto Domingo : _bFUNGLODE, _c2013. |
||
| 300 |
_a389 [430] p. ; _c23 cm. |
||
| 490 | 0 | _aFUNGLODE | |
| 500 | _aIncluye datos biográficos del autor en la solapa | ||
| 504 | _aBibliografía 391-430 P. | ||
| 700 | 1 | 2 |
_aConcepción, Nathanael _971341 |
| 710 | 2 |
_aFundación Global Democracía y Desarrollo _925477 |
|
| 942 |
_2ddc _cLBS1 |
||
| 999 |
_c43038 _d43038 |
||